000 00638nam a2200181 a 4500
008 081105s1997 ||||||||||||||||| || u
020 _a0821340506
050 _aIBRD-IFC(08)LE/5
110 _aWorld Bank
245 1 0 _aForeign direct investment
260 _aWashington, D.C.
_bWorld Bank
_c1997
300 _avi, 119p.:ill.
350 _a0.00
490 _aLessons of experience
650 _aINVESTMENTS, FOREIGN
710 _aInternational Finance Corporation (IFC)
995 _D0.00
_FCBU-MAIN LIBRARY (Kitwe)
_H1
_I0.00
_M5
_UAVAILABLE
_WNov 5, 2008
_ZInternational Publications
999 _c43732
_d43732